Responses for Show #7902 - Tuesday, January 8, 2019

Contestants

[<< previous game]

Jeff Spiess, a hospice physician from Bay Village, Ohio

Jessica Holloway, an art education student from The Woodlands, Texas

Zorn Pink, a policy analyst from Ottawa, Ontario, Canada (whose 1-day cash winnings total $7,400)

[next game >>]

Jeopardy! Round responses

THE OLD WEST
ANIMATED DISNEY VILLAINS
CATCH PHRASES
WORLD OF WATER
NEWSPAPER NAMES
GOING VEGAN
    $200 7
whiskey

Jessica
    $200 5
The Little Mermaid

Zorn
    $200 20
a drift

Jeff
    $200 15
the Dead Sea

Zorn
    $200 10
the Globe

Jessica
    $200 6
silk

Jeff
    $400 27
(Zorn: What are dime-store novels?)
[Originally ruled correct; ruled incorrect before Double Jeopardy! because "dime-stores didn't come into being until the 1920s". Alex did not specify the correct response when Zorn responded or when issuing the reversal.]

dime novels

Zorn
Triple Stumper
    $400 4
(Zorn: What is Snow White?)

Sleeping Beauty

ZornJessica
    $400 21
vinegar

Jessica
    $400 16
the Baltic Sea

Jeff
    $400 11
the Post

Zorn
    $400 8
Guinness

Jeff
    $600 28
a rodeo

Jeff
    $600 3
101 Dalmatians

Jessica
    $600 24
catch and release

Jeff
    $2,000 17
(Alex: In Greece.)

Athens

Jeff
    $600 12
The Times

Zorn
    $600 9
eggs

Jeff
    $800 29
Doc Holliday

Jeff
    $800 2
Cinderella

Zorn
    $800 25
a shoestring catch

Jeff
    $800 18
the Persian Gulf

Jessica
    $800 13
the Inquirer

Zorn
    $800 22
B12

Jessica
    $1000 30
Navajo

Jessica
    $1000 1
Dumbo

Zorn
    $1000 26
(Alex: With less than a minute to go.)

catch a falling star

Jessica
    $1000 19
the Rhine

Jeff
    $1000 14
The Plain Dealer

Jeff
    $1000 23
palm oil

Jessica

Scores at the first commercial break (after clue 15):

Zorn Jessica Jeff
$3,600 $1,400 $2,200

Scores at the end of the Jeopardy! Round:

Zorn Jessica Jeff
$3,200 $6,400 $8,600

Double Jeopardy! Round responses

THE VERY OLD EAST
CHAPTERS OF THE NOVEL
BEST NEW ARTIST GRAMMY BATTLES
TIME TO GO GREEN
ART & MYTHOLOGY
ADD A LETTER
(Alex: Each correct response will be two words.)
    $400 9
India

Zorn
    $400 8
Gulliver's Travels

Jessica
    $400 18
Sheryl Crow

Zorn
    $400 7
(Zorn: What is a conifer?)

evergreen

ZornJeff
    $400 2
Romulus and Remus

Jessica
    $400 22
(Jessica: What is garbage?)
(Alex: Remember, we need two. Two words.)
(Jessica: What is [*]?)
(Alex: Thank you. Less than a minute now.)

garage and garbage

Jessica
    $800 10
the Gobi

Zorn
    $800 14
The Three Musketeers

Jeff
    $800 19
[ERRATUM: The clue misspelled "Mouseketeer".]

Britney Spears

Jessica
    $800 23
an emerald

Zorn
    $800 3
(Zorn: Who is Cerebus?)

Cerberus

ZornJessica
    $800 25
fiction and friction

Triple Stumper
    $2,000 11
Japan

Zorn
    $1200 15
Catch-22

Zorn
    $1200 20
Drake and Justin Bieber

Zorn
    $1200 24
the Green Lantern

Jeff
    $1200 4
(Alex: Battle of Troy.)

Judgment of Paris

Triple Stumper
    $1600 12
(Zorn: What is the Pliostene?)
(Jeff: What is the Pliocene?)
(Alex: No.)
(Jeff: Is that what he said? [*].)

the Pleistocene

ZornJeff
Triple Stumper
    $2,000 16
(Alex: Zorn?)
(Zorn: What is the Casa of the Sierra--ah, Treasure of Sierra Madre?)

The Count of Monte Cristo

Zorn
    $1600 21
Adele

Zorn
    $1600 5
Daphne

Triple Stumper
    $1600 26
fiend and friend

Jeff
    $2000 13
(Zorn: What is Lucy?)

Java Man

ZornJeff
    $2000 17
The House of the Seven Gables

Triple Stumper
    $2000 1
(Zorn: Who is Donny and Marie Osmond?)
...
(Alex: Richard and Karen.)

the Carpenters

ZornJessica
    $2000 6
Leda

Jessica
    $2000 27
[The end-of-round signal sounds.]

yarn and yearn

Zorn

Scores at the end of the Double Jeopardy! Round:

Zorn Jessica Jeff
$4,800 $13,200 $13,000

[wagering suggestions for these scores]

Final Jeopardy! Round responses

1950s TRAVEL
(Alex: [To Zorn] Thanks to the Corleone family, we got out of [*].)
ZornWhat is Havana
$4,000
JeffWhat is Havana?
$12,950
JessicaWhat is Havana?
$12,801
Havana

Final scores:

Zorn Jessica Jeff
$8,800 $26,001 $25,950
3rd place: $1,000 New champion: $26,001 2nd place: $2,000

Game dynamics:

Coryat scores:

Zorn Jessica Jeff
$6,000 $13,200 $11,600
16 R
(including 1 DD),
8 W
(including 1 DD)
17 R,
0 W
17 R
(including 1 DD),
1 W

Combined Coryat: $30,800

[game clues] [game scores] [suggest correction]

Game tape date: 2018-11-14
The J! Archive is created by fans, for fans. Scraping, republication, monetization, and malicious use prohibited; this site may use cookies and collect identifying information. See terms. The Jeopardy! game show and all elements thereof, including but not limited to copyright and trademark thereto, are the property of Jeopardy Productions, Inc. and are protected under law. This website is not affiliated with, sponsored by, or operated by Jeopardy Productions, Inc. Join the discussion at JBoard.tv.